|
|
|
|
| LEADER |
00942nab#a2200325#ar4500 |
| 001 |
000015713 |
| 003 |
SVKKK |
| 005 |
00000000000000.0 |
| 008 |
c xo e sloo |
| FMT |
|
|
|
| 038 |
|
|
|a SVKKK
|
| 040 |
|
|
|a SVKKK
|b slo
|e AACR2
|
| 041 |
0 |
|
|a slo
|
| 044 |
|
|
|a xo
|c SK
|
| 080 |
|
|
|a 796.323 Matyáš, Mariá
|2 1981
|
| 080 |
|
|
|a 929 Matyáš, Mariá
|2 1981
|
| 090 |
|
|
|a [KŠK K]
|
| 100 |
1 |
|
|a Revický, Tono
|4 aut
|
| 245 |
1 |
0 |
|a Zatratenec so zlatou rukou
|c Revický Tono,
|
| 600 |
1 |
4 |
|a Matyáš, Marián,
|d ?,
|x tréner basketbalový slov.
|
| 650 |
0 |
4 |
|a Matyáš, Marián (tréner basketbalový slov.)
|z TJ VSS, Košice
|x pôsobenie
|x činnosť trénerská
|x sezóna 1992/93
|x odvolanie
|x riporty
|
| 773 |
0 |
|
|t Roľnícke noviny
|g Roč. 48, č. 23(1993), dát. 0129, s. 16
|
| 957 |
|
|
|a Košice
|
| 958 |
|
|
|a KE
|
| 958 |
|
|
|a RE
|
| 974 |
|
|
|d 971208
|a Čr
|
| 992 |
|
|
|a RBX
|
| BAS |
|
|
|
| 852 |
|
|
|a SVKKK
|b BIB
|
| 998 |
|
|
|a REG
|